LEADER 00989nam0 2200229 450 001 000024074 005 20090306142012.0 010 $a9264221328 100 $a20090306d1980----km-y0itay50------ba 101 0 $afre$aeng 102 $aFR 105 $ay-------001yy 200 1 $a<>situation au regard de l'impôt et des transferts sociaux de certains groupes de revenu dans les pays membres de l'OCDE$d= The 1979 tax/benefit position of a typical worker in OECD member countries$e1974-1979$fdu Comité des affaires fiscales$eun rapport 210 $aParis$cOCDE$d1980 215 $a158, 51 p.$d27 cm 500 10$a<>1979 tax/benefit position of a typical worker in OECD member countries$945137 710 02$aOrganisation de coopération et de développement économiques :$bComité des affaires fiscales$0464562 801 0$aIT$bUNIPARTHENOPE$c20090306$gRICA$2UNIMARC 912 $a000024074 951 $aCorridoio Armadio B$b3569$cNAVA2 996 $a1979 tax$945137 997 $aUNIPARTHENOPE